[Event "Catalunya-chT Gp2"]
[Site "Barcelona"]
[Date "2019.02.16"]
[Round "5.8"]
[White "Oms Fuentes, Lluis"]
[Black "Hapala, Elisabeth"]
[Result "1-0"]
[WhiteElo "2302"]
[BlackElo "2136"]
[PlyCount "59"]
[EventDate "2019.01.19"]
[EventType "team-tourn"]
[EventRounds "7"]
[EventCountry "ESP"]
[SourceTitle "CBM 189 Extra"]
[Source "ChessBase"]
[SourceDate "2019.06.03"]
[SourceVersion "1"]
[SourceVersionDate "2019.06.03"]
[SourceQuality "1"]
[WhiteTeam "Barcelona Escacs CC"]
[BlackTeam "Sant Josep de Badalona"]
[WhiteTeamCountry "ESP"]
[BlackTeamCountry "ESP"]

1. e4 c5 2. c3 Nf6 3. e5 Nd5 4. d4 cxd4 5. Nf3 e6 6. cxd4 b6 7. Nc3 Nxc3 8. bxc3 Qc7 9. Bd2 Bb7 10. Bd3 d6 11. 0-0 Nd7 12. Re1 dxe5 13. Nxe5 Nxe5 14. Rxe5 Bd6 15. Bb5+ Bc6 16. Qf3 Rc8 17. Bxc6+ Qxc6 18. d5 Qb7 19. Rh5 0-0 20. Qh3 g6 21. Rxh7 Be5 22. dxe6 Qc6 23. exf7+ Rxf7 24. Rxf7 Kxf7 25. Qh7+ Kf6 26. Re1 Qd6 27. Bh6 Bxh2+ 28. Kh1 Bf4 29. Bg7+ Kg5 30. Qh6+ 1-0

[Event "Barcelona Gotic op 2nd"]
[Site "Barcelona"]
[Date "2018.05.22"]
[Round "4"]
[White "Oms Fuentes, Lluis"]
[Black "Cervello Tost, Roger"]
[Result "1-0"]
[WhiteElo "2317"]
[BlackElo "1972"]
[PlyCount "75"]
[EventDate "2018.04.24"]
[EventType "swiss"]
[EventRounds "8"]
[EventCountry "ESP"]
[SourceTitle "EXT 2019"]
[Source "ChessBase"]
[SourceDate "2018.10.10"]
[SourceVersion "1"]
[SourceVersionDate "2018.10.10"]
[SourceQuality "1"]

1. b3 d5 2. Bb2 Bf5 3. e3 e6 4. f4 Nf6 5. Nf3 Bd6 6. h3 h6 7. d3 c5 8. Nbd2 Bg6 9. Ne5 Bxe5 10. Bxe5 Nc6 11. Nf3 Nxe5 12. Nxe5 Nh5 13. Qd2 Ng3 14. Rg1 Bh7 15. Nf3 0-0 16. Kf2 Nf5 17. g4 Nh4 18. Be2 Nxf3 19. Bxf3 f6 20. Rad1 g5 21. c4 Kg7 22. cxd5 exd5 23. d4 Rc8 24. dxc5 Rxc5 25. Rc1 Rxc1 26. Rxc1 gxf4 27. exf4 Qb6+ 28. Kg2 Be4 29. Bxe4 dxe4 30. Re1 Rd8 31. Qc2 e3 32. Qe4 Rd2+ 33. Kg3 Qc6 34. Qe7+ Kg8 35. Rxe3 b6 36. Kh4 Rd5 37. Re6 Qd7 38. Qxf6 1-0

[Event "Llucmajor op 6th"]
[Site "Llucmajor"]
[Date "2017.05.20"]
[Round "8"]
[White "Colovic, Aleksandar"]
[Black "Oms Fuentes, Lluis"]
[Result "1-0"]
[WhiteElo "2443"]
[BlackElo "2312"]
[PlyCount "85"]
[EventDate "2017.05.14"]
[EventType "swiss"]
[EventRounds "9"]
[EventCountry "ESP"]
[SourceTitle "CBM 178 Extra"]
[Source "ChessBase"]
[SourceDate "2017.06.22"]
[SourceVersion "1"]
[SourceVersionDate "2017.06.22"]
[SourceQuality "1"]

1. d4 d5 2. c4 e6 3. Nc3 c5 4. cxd5 cxd4 5. Qa4+ Bd7 6. Qxd4 exd5 7. Qxd5 Nc6 8. Nf3 Nf6 9. Qb3 Be6 10. Qa4 Bc5 11. e3 0-0 12. Be2 a6 13. 0-0 b5 14. Qh4 Be7 15. Rd1 Qb6 16. e4 Bc5 17. e5 Ng4 18. Ne4 Ngxe5 19. Nxc5 Qxc5 20. Be3 Qc2 21. Rd2 Qf5 22. Nxe5 Nxe5 23. b3 Ng6 24. Qg5 Qxg5 25. Bxg5 f6 26. Be3 Rfd8 27. Rad1 Rxd2 28. Rxd2 Ne5 29. h3 Nf7 30. f4 Rd8 31. Bf3 Rxd2 32. Bxd2 Bc8 33. Kf2 Kf8 34. Ke3 Ke7 35. Kd4 Kd6 36. Bb4+ Kc7 37. Kc5 Nd6 38. Ba5+ Kd7 39. Kb6 f5 40. Bc6+ Kd8 41. Bc3 Ne8 42. Be5 Ke7 43. Bb7 1-0

[Event "Llucmajor op 6th"]
[Site "Llucmajor"]
[Date "2017.05.15"]
[Round "3"]
[White "Almagro Llamas, Pablo"]
[Black "Oms Fuentes, Lluis"]
[Result "1-0"]
[WhiteElo "2456"]
[BlackElo "2312"]
[PlyCount "61"]
[EventDate "2017.05.14"]
[EventType "swiss"]
[EventRounds "9"]
[EventCountry "ESP"]
[SourceTitle "CBM 178 Extra"]
[Source "ChessBase"]
[SourceDate "2017.06.22"]
[SourceVersion "1"]
[SourceVersionDate "2017.06.22"]
[SourceQuality "1"]

1. d4 d5 2. c4 e6 3. Nc3 c5 4. cxd5 exd5 5. Nf3 Nc6 6. g3 Nf6 7. Bg2 cxd4 8. Nxd4 Be7 9. 0-0 0-0 10. Bg5 h6 11. Be3 Re8 12. Rc1 Be6 13. Qa4 Qd7 14. Rfd1 a6 15. Nxe6 fxe6 16. Bh3 Bf8 17. Ne4 Nxe4 18. Qxe4 Qf7 19. Qf4 Be7 20. Qxf7+ Kxf7 21. Bb6 Bd8 22. Bc5 Be7 23. e4 Bxc5 24. Rxc5 dxe4 25. Bg2 Rad8 26. Rxd8 Nxd8 27. Bxe4 Re7 28. Kf1 Rd7 29. Ke2 Ke7 30. Rc8 Nf7 31. Bd3 1-0

[Event "Catalunya-chT Gp1"]
[Site "Barcelona"]
[Date "2016.01.23"]
[Round "1.2"]
[White "Oms Fuentes, Lluis"]
[Black "Perez Lopez, Julio"]
[Result "1-0"]
[WhiteElo "2305"]
[BlackElo "2197"]
[PlyCount "67"]
[EventDate "2016.01.23"]
[EventType "team-tourn"]
[EventRounds "7"]
[EventCountry "ESP"]
[SourceTitle "CBM 170 Extra"]
[Source "ChessBase"]
[SourceDate "2016.02.25"]
[SourceVersion "1"]
[SourceVersionDate "2016.02.25"]
[SourceQuality "1"]
[WhiteTeam "Barcelona Unio Graciencia"]
[BlackTeam "Catalunya"]
[WhiteTeamCountry "ESP"]
[BlackTeamCountry "ESP"]

1. e4 c5 2. Nf3 Nc6 3. c3 d5 4. exd5 Qxd5 5. d4 cxd4 6. cxd4 e5 7. Nc3 Bb4 8. Be2 exd4 9. 0-0 Bxc3 10. bxc3 Nge7 11. Nxd4 Qa5 12. Nxc6 Nxc6 13. Qd6 Qe5 14. Qxe5+ Nxe5 15. Bf4 Nc6 16. Bf3 0-0 17. Rab1 h6 18. h3 Rd8 19. Rfe1 Be6 20. Rxb7 Rac8 21. a4 Rd3 22. Re3 Rdd8 23. Bxc6 Rxc6 24. Rxa7 Rd1+ 25. Kh2 Ra1 26. Be5 Bc4 27. Rg3 g5 28. Ra8+ Kh7 29. Rf3 h5 30. Rh8+ Kg6 31. Rg8+ Kh6 32. Bf6 Rc5 33. Rg3 Rxa4 34. Bxg5+ 1-0

[Event "Foment Martinenc op-A 17th"]
[Site "Barcelona"]
[Date "2015.05.30"]
[Round "6"]
[White "Obon Temprano, Sergi"]
[Black "Oms Fuentes, Lluis"]
[Result "1/2-1/2"]
[WhiteElo "2268"]
[BlackElo "2290"]
[PlyCount "84"]
[EventDate "2015.04.25"]
[EventType "swiss"]
[EventRounds "9"]
[EventCountry "ESP"]
[SourceTitle "EXT 2017"]
[Source "ChessBase"]
[SourceDate "2016.10.25"]
[SourceVersion "1"]
[SourceVersionDate "2016.10.25"]
[SourceQuality "1"]

1. d4 d5 2. Nf3 e6 3. e3 c5 4. b3 Nf6 5. Nbd2 Nc6 6. Bb2 Be7 7. a3 0-0 8. Bd3 b6 9. 0-0 Bb7 10. Qe2 Rc8 11. Rfd1 Qc7 12. Rac1 Na5 13. Ne5 Nd7 14. Nxd7 Qxd7 15. dxc5 bxc5 16. Qh5 f5 17. Nf3 Bf6 18. Bxf6 Rxf6 19. Ne5 Qc7 20. f4 Nc6 21. Nxc6 Qxc6 22. Qf3 Qb6 23. Rb1 Rg6 24. Bf1 h6 25. Qf2 Qc7 26. g3 Kh7 27. Bg2 Ba6 28. Bf1 Bxf1 29. Qxf1 Qa5 30. Ra1 c4 31. b4 Qa4 32. Qe2 Rf6 33. h4 Rg6 34. Kf2 Ra8 35. c3 Rf6 36. Qd2 a5 37. Rdb1 Rf7 38. bxa5 Qxa5 39. a4 Rfa7 40. Rb4 Qc7 41. Qd1 Qd7 42. Qc2 h5 1/2-1/2

[Event "Catalunya-chT Gp1"]
[Site "Barcelona"]
[Date "2015.03.07"]
[Round "7.1"]
[White "Ayza Leon, David"]
[Black "Oms Fuentes, Lluis"]
[Result "1/2-1/2"]
[WhiteElo "2202"]
[BlackElo "2290"]
[PlyCount "21"]
[EventDate "2015.01.24"]
[EventType "team-tourn"]
[EventRounds "7"]
[EventCountry "ESP"]
[SourceTitle "EXT 2016"]
[Source "ChessBase"]
[SourceDate "2015.10.08"]
[SourceVersion "1"]
[SourceVersionDate "2015.10.08"]
[SourceQuality "1"]
[WhiteTeam "Peona I Peo"]
[BlackTeam "Sant Josep de Badalona"]
[WhiteTeamCountry "ESP"]
[BlackTeamCountry "ESP"]

1. e4 g6 2. d4 Bg7 3. f4 c6 4. Nf3 d5 5. e5 h5 6. Bd3 Nh6 7. 0-0 Na6 8. c3 Bf5 9. Nh4 e6 10. Nxf5 Nxf5 11. Na3 1/2-1/2

[Event "Catalunya-chT Gp1"]
[Site "Barcelona"]
[Date "2015.02.28"]
[Round "6.1"]
[White "Llaneza Vega, Patricia"]
[Black "Oms Fuentes, Lluis"]
[Result "0-1"]
[WhiteElo "2191"]
[BlackElo "2290"]
[PlyCount "96"]
[EventDate "2015.01.24"]
[EventType "team-tourn"]
[EventRounds "7"]
[EventCountry "ESP"]
[SourceTitle "EXT 2016"]
[Source "ChessBase"]
[SourceDate "2015.10.08"]
[SourceVersion "1"]
[SourceVersionDate "2015.10.08"]
[SourceQuality "1"]
[WhiteTeam "Foment Martinenc"]
[BlackTeam "Sant Josep de Badalona"]
[WhiteTeamCountry "ESP"]
[BlackTeamCountry "ESP"]

1. e4 b6 2. d4 Bb7 3. Nc3 e6 4. Nf3 Bb4 5. Bd3 Nf6 6. e5 Ne4 7. 0-0 Nxc3 8. bxc3 Be7 9. Nd2 d6 10. Qg4 g6 11. exd6 cxd6 12. Qe2 Nd7 13. c4 0-0 14. Bb2 Bf6 15. Ne4 Bxe4 16. Bxe4 Rc8 17. Rad1 Qc7 18. Bd3 Nb8 19. Qf3 Bg7 20. Qg3 Rfd8 21. Bc1 Nc6 22. Bg5 Re8 23. c3 Na5 24. c5 bxc5 25. Bb5 Nc6 26. dxc5 dxc5 27. Qxc7 Rxc7 28. Rd6 Rec8 29. Be3 Ne7 30. c4 Nf5 31. Rd7 Rxd7 32. Bxd7 Rd8 33. Bc6 Nxe3 34. fxe3 Bh6 35. Re1 Rd2 36. a4 Rd6 37. Bf3 Ra6 38. Ra1 Bxe3+ 39. Kf1 Bd4 40. Ra2 Rb6 41. Ke2 f5 42. a5 Rb4 43. Kd3 Rb3+ 44. Kd2 Kg7 45. a6 e5 46. Bd5 e4 47. Ra5 e3+ 48. Kd1 Rb1+ 0-1

[Event "Barcelona Sant Marti op-A 16th"]
[Site "Barcelona"]
[Date "2014.07.21"]
[Round "9"]
[White "Oms Fuentes, Lluis"]
[Black "Newrkla, Katharina"]
[Result "1-0"]
[WhiteElo "2293"]
[BlackElo "2167"]
[PlyCount "61"]
[EventDate "2014.07.13"]
[EventType "swiss"]
[EventRounds "9"]
[EventCountry "ESP"]
[SourceTitle "CBM 161 Extra"]
[Source "ChessBase"]
[SourceDate "2014.08.29"]
[SourceVersion "1"]
[SourceVersionDate "2014.08.29"]
[SourceQuality "1"]

1. e4 e5 2. Nc3 Nf6 3. g3 Nc6 4. Bg2 Bc5 5. d3 a6 6. h3 d6 7. Nge2 Be6 8. Nd5 Bxd5 9. exd5 Ne7 10. c4 Nf5 11. 0-0 h5 12. Bg5 h4 13. b4 Ba7 14. g4 Ng3 15. Nxg3 hxg3 16. Be3 gxf2+ 17. Bxf2 Bxf2+ 18. Rxf2 Qd7 19. Qf3 0-0-0 20. Raf1 Qe7 21. Qe3 Rdf8 22. Qa7 Nd7 23. Rc2 e4 24. dxe4 Ne5 25. c5 c6 26. cxd6 Qxd6 27. dxc6 bxc6 28. Rfc1 Rh6 29. Qxa6+ Kb8 30. Qb6+ Ka8 31. Rc3 1-0

[Event "Barcelona Sant Marti op-A 16th"]
[Site "Barcelona"]
[Date "2014.07.17"]
[Round "5"]
[White "Ventura Bolet, Maxim"]
[Black "Oms Fuentes, Lluis"]
[Result "0-1"]
[WhiteElo "2044"]
[BlackElo "2293"]
[PlyCount "84"]
[EventDate "2014.07.13"]
[EventType "swiss"]
[EventRounds "9"]
[EventCountry "ESP"]
[SourceTitle "CBM 161 Extra"]
[Source "ChessBase"]
[SourceDate "2014.08.29"]
[SourceVersion "1"]
[SourceVersionDate "2014.08.29"]
[SourceQuality "1"]

1. d4 e6 2. g3 d5 3. Bg2 f5 4. Nh3 Nf6 5. 0-0 Bd6 6. c4 c6 7. Qc2 0-0 8. Nd2 Nbd7 9. Nf3 Qe7 10. Bf4 Ne4 11. Bxd6 Nxd6 12. b3 b6 13. Rac1 Ba6 14. Qb2 Bb7 15. Nf4 a5 16. Nd3 Nf7 17. Nd2 a4 18. b4 Nd6 19. b5 cxb5 20. cxb5 Nf6 21. Ne5 Ra5 22. Nc6 Bxc6 23. bxc6 Qc7 24. Rb1 b5 25. Rfc1 Ra6 26. Nf3 Rxc6 27. Rxc6 Qxc6 28. Ne5 Qa6 29. Bf1 Rc8 30. e3 Qa5 31. Qa3 Nfe4 32. Bxb5 Qd2 33. Nd3 h6 34. Qb4 Rc3 35. Ba6 Rxd3 36. Bxd3 Qxf2+ 37. Kh1 Qf3+ 38. Kg1 Qxe3+ 39. Kg2 Qxd3 40. Rb2 Nc4 41. Qe7 Ne3+ 42. Kf3 Ng5+ 0-1

[Event "Foment Martinenc op-A 16th"]
[Site "Barcelona"]
[Date "2014.05.24"]
[Round "5"]
[White "Oms Fuentes, Lluis"]
[Black "Porta Tovar, Guillem"]
[Result "1-0"]
[WhiteElo "2293"]
[BlackElo "1976"]
[PlyCount "59"]
[EventDate "2014.04.26"]
[EventType "swiss"]
[EventRounds "9"]
[EventCountry "ESP"]
[SourceTitle "EXT 2015"]
[Source "ChessBase"]
[SourceDate "2014.11.20"]
[SourceVersion "1"]
[SourceVersionDate "2014.11.20"]
[SourceQuality "1"]

1. e4 e5 2. Nf3 Nc6 3. d4 exd4 4. Nxd4 Nf6 5. Nxc6 bxc6 6. e5 Qe7 7. Qe2 Nd5 8. c4 Ba6 9. b3 g6 10. Bb2 Bg7 11. g3 0-0-0 12. Bg2 Rhe8 13. 0-0 Bxe5 14. Qxe5 Qxe5 15. Bxe5 Rxe5 16. cxd5 Bxf1 17. Kxf1 cxd5 18. f4 Re3 19. Nd2 c6 20. Rc1 Kb7 21. Kf2 Rde8 22. Bf1 f6 23. b4 Ra3 24. Rc2 Rae3 25. Nb3 Kc7 26. Nc5 g5 27. Bh3 R3e7 28. b5 d6 29. Na6+ Kb6 30. bxc6 1-0

[Event "Foment Martinenc op-A 16th"]
[Site "Barcelona"]
[Date "2014.05.10"]
[Round "3"]
[White "Oms Fuentes, Lluis"]
[Black "Fernandez Aguilar, Francisco"]
[Result "1-0"]
[WhiteElo "2293"]
[BlackElo "2049"]
[PlyCount "47"]
[EventDate "2014.04.26"]
[EventType "swiss"]
[EventRounds "9"]
[EventCountry "ESP"]
[SourceTitle "EXT 2015"]
[Source "ChessBase"]
[SourceDate "2014.11.20"]
[SourceVersion "1"]
[SourceVersionDate "2014.11.20"]
[SourceQuality "1"]

1. c4 Nf6 2. Nc3 c6 3. e4 d5 4. exd5 cxd5 5. d4 g6 6. cxd5 Bg7 7. Qb3 0-0 8. Nf3 Nbd7 9. Bg5 Nb6 10. Bxf6 Bxf6 11. Be2 e6 12. 0-0 Nxd5 13. Rfd1 Nxc3 14. bxc3 b6 15. a4 Bb7 16. a5 Qc7 17. axb6 axb6 18. Rab1 Be4 19. Rbc1 Be7 20. Nd2 Ra3 21. Qb2 Rfa8 22. Nxe4 Ra2 23. Qb5 Qf4 24. Bf3 1-0